Afroasiatic Languages Map Quiz - Statistics

General Stats
  • This quiz has been taken 3,165 times
  • The average score is 8 of 14
Answers on the Map
Answers color-coded by a green-red scale on the quiz's map according to % correct below.
 
Answer Stats
Speakers Answer % Correct
310 m Arabic
100%
15 m Somali
95%
5.0 m Hebrew
91%
26 m Berber
87%
22 m Amharic
79%
520 k Maltese
64%
34 m Oromo
58%
44 m Hausa
54%
6.9 m Tigrinya
54%
1.0 m Aramaic
50%
1.9 m Afar
38%
1.4 m Tigre
24%
1.2 m Beja
18%
3.0 m Sidamo
7%
No matching quizzes found
Score Distribution
Percent of People with Each Score
Percentile by Number Answered
Your Score History
You have not taken this quiz